Mapas de progreso del aprendizaje: sector historia, geografía y ciencias sociales mapa de progreso de sociedad en perspectiva histórica
Guardat en:
| Autor corporatiu: | |
|---|---|
| Format: | Llibre |
| Idioma: | espanyol |
| Publicat: |
Santiago
Ministerio de Educación
2009
|
| Matèries: | |
| Etiquetes: |
Afegir etiqueta
Sense etiquetes, Sigues el primer a etiquetar aquest registre!
|
MARC
| LEADER | 00000nam a2200000 a 4500 | ||
|---|---|---|---|
| 001 | UCG1117 | ||
| 003 | CL-VaPUC | ||
| 008 | 100422e20090000CL |||||||||||||||||spa|d | ||
| 020 | |a 9789562921411 | ||
| 082 | 0 | 4 | |a 371.102 |b MIN |2 21 |
| 110 | 2 | |a Ministerio de Educación |e author |9 548901 | |
| 245 | 1 | 0 | |a Mapas de progreso del aprendizaje: sector historia, geografía y ciencias sociales mapa de progreso de sociedad en perspectiva histórica |
| 300 | |a 54 p | ||
| 942 | |c BK | ||
| 945 | |d 20100422 00:00:00 |a rbrito | ||
| 260 | |a Santiago |b Ministerio de Educación |c 2009 | ||
| 650 | 0 | |a Enseñanza |9 256457 | |
| 650 | 0 | |a Aprendizaje |9 254827 | |
| 650 | 0 | |a Enseñanza de la historia |9 307330 | |
| 650 | 0 | |a Enseñanza de la geografía |9 310005 | |
| 650 | 0 | |a Enseñanza de las ciencias sociales |9 337823 | |
| 583 | |a last modification |c 20100422 00:00:00 |k Rodrigo Vera | ||
| 999 | |c 340569 |d 340567 | ||
| 952 | |0 0 |1 0 |4 0 |6 371_102000000000000_MIN_2009 |7 0 |8 A |9 435408 |a BIBHIS |b BIBHIS |d 2019-11-22 |i 4664299 |o 371.102 MIN 2009 |p 4664299 |r 2025-01-20 |w 2019-11-22 |y BK |k HIS | ||
| 952 | |0 0 |1 0 |4 0 |6 371_102000000000000_MIN_2009 |7 0 |8 A |9 435409 |a BIBHIS |b BIBHIS |d 2019-11-22 |i 4664302 |o 371.102 MIN 2009 |p 4664302 |r 2025-01-20 |w 2019-11-22 |y BK |k HIS | ||
| 952 | |0 0 |1 0 |4 0 |6 371_102000000000000_MIN_2009 |7 0 |8 A |9 435410 |a BIBHIS |b BIBHIS |d 2019-11-22 |i 4739035 |o 371.102 MIN 2009 |p 4739035 |r 2025-01-20 |w 2019-11-22 |y BK |k HIS | ||